América Latina: relaciones internacionales y derechos humanos

Gardado en:
Detalles Bibliográficos
Autor Principal: Díaz Müller, Luis (Author)
Formato: Libro
Idioma:Lingua castelá
Publicado: Ciudad de México Fondo de Cultura Económica 1986
Series:Sección de Obras de Política y Derecho
Subjects:
Tags: Engadir etiqueta
Sen Etiquetas, Sexa o primeiro en etiquetar este rexistro!

MARC

LEADER 00000nam a2200000 a 4500
001 UCN3845
003 CL-VaPUC
008 010713e19860000MX |||||||||||||||||spa|d
082 0 4 |a 327.98  |b DIA  |2 21 
100 0 |a Díaz Müller, Luis  |e author  |9 460419 
245 1 0 |a América Latina: relaciones internacionales y derechos humanos 
300 |a 375 p 
942 |c BK 
945 |d 20010713 00:00:00  |a rbrito 
260 |a Ciudad de México  |b Fondo de Cultura Económica  |c 1986 
650 7 |a RELACI0NES INTERNACIONALES  |2 CL-VaPUC  |9 460420 
650 0 |a Relaciones Exteriores  |9 255379 
650 0 |a Política exterior   |9 316628 
650 0 |a Desarrollo económico  |9 259599 
650 0 |a Derechos humanos  |9 223025 
651 0 |a América Latina   |9 255027 
583 |a last modification  |c 20010713 00:00:00  |k Rodrigo Vera 
490 0 |a Sección de Obras de Política y Derecho 
999 |c 296516  |d 296514 
952 |0 0  |1 0  |4 0  |6 327_980000000000000_DIA_1986  |7 0  |8 A  |9 350319  |a BIBGIM  |b BIBGIM  |d 2019-11-20  |i 3614190  |o 327.98 DIA 1986  |p 3614190  |r 2025-01-15  |w 2019-11-20  |y BK  |k ORI